লোডিং...

Cost-benefit analysis: a case study of the ratnagiri fisheries project

গ্রন্থ-পঞ্জীর বিবরন
প্রধান লেখক: Mishra, S. N.
অন্যান্য লেখক: Beyer, John
বিন্যাস: Printed Book
ভাষা:English
প্রকাশিত: Delhi Hindustan publishing corporation 1978
বিষয়গুলি:
LEADER 00585nam a2200169 a 4500
005 20151028162223.0
008 960221s1955 dcuabcdjdbkoqu001 0deng d
003 ViArRB
082 |a 658.56  |b L8 
100 |a Mishra, S. N.  |9 23578 
245 |a  Cost-benefit analysis: a case study of the ratnagiri fisheries project 
653 |a Cost-benefit analysis 
700 |a Beyer, John  |9 23577 
942 |c BK  |6 _ 
260 |a Delhi  |b Hindustan publishing corporation  |c 1978 
999 |c 77646  |d 77646 
952 |0 0  |1 0  |2 ddc  |4 0  |6 65856_L8  |7 0  |9 90616  |a SOS  |b SOS  |d 2009-11-09  |o 658.56 L8  |p MS004911  |r 2013-06-14  |w 2009-07-13  |y BK